|
|
|
|
| LEADER |
01273nam a22003734a 4500 |
| 001 |
EBC3050564 |
| 003 |
MiAaPQ |
| 005 |
20200520144314.0 |
| 006 |
m o d | |
| 007 |
cr cn||||||||| |
| 008 |
000302s2000 dcu s i000 0 eng |
| 010 |
|
|
|z 00028297
|
| 020 |
|
|
|z 0195211286
|
| 035 |
|
|
|a (MiAaPQ)EBC3050564
|
| 035 |
|
|
|a (Au-PeEL)EBL3050564
|
| 035 |
|
|
|a (CaPaEBR)ebr10038988
|
| 035 |
|
|
|a (CaONFJC)MIL8687
|
| 035 |
|
|
|a (OCoLC)232331898
|
| 040 |
|
|
|a MiAaPQ
|c MiAaPQ
|d MiAaPQ
|
| 050 |
|
4 |
|a HF1418.7
|b .T725 2000
|
| 082 |
0 |
4 |
|a 382/.9
|2 21
|
| 245 |
0 |
0 |
|a Trade blocs
|h [electronic resource].
|
| 260 |
|
|
|a Oxford, England ;
|a New York :
|b Oxford University Press,
|c 2000.
|
| 300 |
|
|
|a 144 p.
|
| 490 |
1 |
|
|a World Bank policy research report
|
| 533 |
|
|
|a Electronic reproduction. Ann Arbor, MI : ProQuest, 2015. Available via World Wide Web. Access may be limited to ProQuest affiliated libraries.
|
| 650 |
|
0 |
|a Trade blocs.
|
| 650 |
|
0 |
|a Regionalism.
|
| 650 |
|
0 |
|a Commercial policy.
|
| 650 |
|
0 |
|a International economic integration.
|
| 655 |
|
4 |
|a Electronic books.
|
| 710 |
2 |
|
|a ProQuest (Firm)
|
| 830 |
|
0 |
|a World Bank policy research report.
|
| 856 |
4 |
0 |
|u https://ebookcentral.proquest.com/lib/matrademy/detail.action?docID=3050564
|z Click to View
|